00836nam a22002297a 4500003000200000005001700002008004100019040001700060041000700077100002400084110002000108245014300128260002800271300001000299500011700309501005600426504002400482600002700506650002400533650002400557650002500581020160609165647.0100728t xxu||||| |||| 00| 0 eng d aBUACcBENEAM aFr aHOUNKPE, Hélène aFECECAM (BENIN) aCondition d'une gestion efficace des crédits aux salariés par le STE de FECECAM-BENIN.c / Hélène, HOUNKPE, Olivier, NOUKPOKINNOU. aCOTONOU:bENEAM,c2009. a54 p. aMémoire de fin de formation du cycle I (ENEAM), pour l'obtention du Diplôme de Technicien Supérieur (DTS). aMémoire publié avec sa version électronique.  aComprend: bibliogr. aNOUKPOKINNOU, Damienne aGESTION DES BANQUES aGESTION DES CREDITS aCREDITS AUX SALARIES